Let's Talk : (Record no. 12176)
[ view plain ]
| 000 -LEADER | |
|---|---|
| fixed length control field | 00599nam a22001577a 4500 |
| 008 - FIXED-LENGTH DATA ELEMENTS--GENERAL INFORMATION | |
| fixed length control field | 090705t xxu||||| |||| 00| 0 eng d |
| 020 ## - INTERNATIONAL STANDARD BOOK NUMBER | |
| International Standard Book Number | 0521467543 |
| 020 ## - INTERNATIONAL STANDARD BOOK NUMBER | |
| International Standard Book Number | 9780521467544 |
| 082 ## - DEWEY DECIMAL CLASSIFICATION NUMBER | |
| Edition number | 22 |
| Classification number | 428.24 |
| Item number | JON |
| 245 ## - TITLE STATEMENT | |
| Title | Let's Talk : |
| Remainder of title | Speaking and Listening Activities for Intermediate Students / |
| Statement of responsibility, etc | Leo Jones |
| 260 ## - PUBLICATION, DISTRIBUTION, ETC. (IMPRINT) | |
| Place of publication, distribution, etc | Cambridge : |
| Name of publisher, distributor, etc | Cambridge University Press, 1996 |
| Date of publication, distribution, etc | 1996 |
| 300 ## - PHYSICAL DESCRIPTION | |
| Extent | 2 sound cassettes (118 min.) : |
| Other physical details | 1 7/8 ips. |
| 650 ## - SUBJECT ADDED ENTRY--TOPICAL TERM | |
| 9 (RLIN) | 10347 |
| Topical term or geographic name as entry element | English language |
| General subdivision | Spoken English |
| Form subdivision | Problems, exercises, etc. |
| 650 ## - SUBJECT ADDED ENTRY--TOPICAL TERM | |
| 9 (RLIN) | 10349 |
| Topical term or geographic name as entry element | Listening |
| Form subdivision | Problems, exercises, etc. |
| 942 ## - ADDED ENTRY ELEMENTS (KOHA) | |
| Source of classification or shelving scheme | Dewey Decimal Classification |
| Item type | Cassette (NB) |
| Withdrawn status | Lost status | Source of classification or shelving scheme | Damaged status | Not for loan | Koha collection | Location (home branch) | Sublocation or collection (holding branch) | Shelving location | Date acquired | Source of acquisition | Cost, normal purchase price | Koha issues (times borrowed) | Koha renewals | Koha full call number | Piece designation (barcode) | Koha date last seen | Koha date last borrowed | Price effective from | Koha item type |
|---|---|---|---|---|---|---|---|---|---|---|---|---|---|---|---|---|---|---|---|
| Dewey Decimal Classification | Baccah | Central Library | Central Library | Second Floor | 05/07/2009 | 42.40 | 3 | 4 | 428.24 JON | 000017227 | 24/08/2022 | 14/09/2011 | 05/07/2009 | Cassette (NB) |